000
00289nam a2200121 a 4500
008
101216s1944|||| d
245
1
0
_a
USA v Banskej Bystrici rok 1944
100
1
_a
Ličko, Miroslav
044
_a
xo
_c
SK
041
_a
slo
020
_c
10
260
_b
NVK
_a
Bratislava
_c
1944
999
_c
15281
_d
15281